Исследование отложений на поверхностях нагрева котла ПК-38 Назаровской ГРЭС: предварительный отчет о НИР

Bibliographic Details
Corporate Author: Томский политехнический институт
Other Authors: Смиренский В. Н. (исполнитель)
Language:Russian
Published: Томск, 1964
Subjects:
Format: MixedMaterials Book
KOHA link:https://koha.lib.tpu.ru/cgi-bin/koha/opac-detail.pl?biblionumber=111574

MARC

LEADER 00000nbm0a2200000 4500
001 111574
005 20231031120920.0
035 |a (RuTPU)RU\TPU\book\120505 
090 |a 111574 
100 |a 20070316d1964 k y0rusy50 ca 
101 0 |a rus 
102 |a RU 
105 |a a p 000zy 
200 1 |a Исследование отложений на поверхностях нагрева котла ПК-38 Назаровской ГРЭС  |e предварительный отчет о НИР  |f Томский политехнический институт ; В. Н. Смиренский 
210 |a Томск  |d 1964 
215 |a 33 л.  |c ил. 
229 |a Тема № 27/63 
610 1 |a Назаровская ГРЭС 
610 1 |a котлы 
610 1 |a котлоагрегаты 
610 1 |a поверхности нагрева 
610 1 |a отложения 
610 1 |a исследование 
610 1 |a отчеты о НИР 
675 |a 621.187.3(04)  |v 3 
702 1 |a Смиренский  |b В. Н.  |4 677 
712 0 2 |a Томский политехнический институт  |z 1944-1991  |2 stltpush  |3 (RuTPU)RU\TPU\col\1123 
801 1 |a RU  |b 63413507  |c 20070316  |g PSBO 
801 2 |a RU  |b 63413507  |c 20080122  |g PSBO 
942 |c BK